I did it without thinking : (Record no. 2415)

MARC details
000 -LEADER
fixed length control field 01156cam a2200325 a 4500
001 - CONTROL NUMBER
control field 2415
003 - CONTROL NUMBER IDENTIFIER
control field FISKH
005 - DATE AND TIME OF LATEST TRANSACTION
control field 20240304151613.0
008 - FIXED-LENGTH DATA ELEMENTS--GENERAL INFORMATION
fixed length control field 080108s2008 nyua j b 001 0 eng
010 ## - LIBRARY OF CONGRESS CONTROL NUMBER
LC control number 2008000690
020 ## - INTERNATIONAL STANDARD BOOK NUMBER
International Standard Book Number 9780531138687 (lib. bdg.)
020 ## - INTERNATIONAL STANDARD BOOK NUMBER
International Standard Book Number 0531138682 (lib. bdg.)
020 ## - INTERNATIONAL STANDARD BOOK NUMBER
International Standard Book Number 9780531205266
040 ## - CATALOGING SOURCE
Original cataloging agency DLC
Transcribing agency DLC
Modifying agency DLC
Language of cataloging eng
050 00 - LIBRARY OF CONGRESS CALL NUMBER
Classification number BF724
Item number .H79 2008
082 00 - DEWEY DECIMAL CLASSIFICATION NUMBER
Classification number 155.5
Edition number 22
100 1# - MAIN ENTRY--PERSONAL NAME
Personal name Hugel, Bob,
Dates associated with a name 1964-
245 10 - TITLE STATEMENT
Title I did it without thinking :
Remainder of title true stories about impulsive decisions that changed lives /
Statement of responsibility, etc. Bob Hugel.
260 ## - PUBLICATION, DISTRIBUTION, ETC.
Place of publication, distribution, etc. New York :
Name of publisher, distributor, etc. Scholastic,
Date of publication, distribution, etc. 2008.
300 ## - PHYSICAL DESCRIPTION
Extent 112 pages :
Other physical details illustrations ;
Dimensions 21 cm
505 0# - FORMATTED CONTENTS NOTE
Formatted contents note Z<br/>
520 ## - SUMMARY, ETC.
Summary, etc. A collection of true stories from teens who made impulsive decisions that ultimately changed their lives.<br/>
521 8# - TARGET AUDIENCE NOTE
Target audience note 900<br/>
Source Lexile<br/>
521 8# - TARGET AUDIENCE NOTE
Target audience note Z<br/>
Source Raz-Plus<br/><br/>
650 #0 - SUBJECT ADDED ENTRY--TOPICAL TERM
Topical term or geographic name entry element Adolescent psychology
Form subdivision Juvenile literature.
650 #0 - SUBJECT ADDED ENTRY--TOPICAL TERM
Topical term or geographic name entry element Risk-taking (Psychology) in adolescence
Form subdivision Juvenile literature.
650 #0 - SUBJECT ADDED ENTRY--TOPICAL TERM
Topical term or geographic name entry element Decision making in adolescence
Form subdivision Juvenile literature.
906 ## - LOCAL DATA ELEMENT F, LDF (RLIN)
a 7
b cbc
c orignew
d 1
e ecip
f 20
g y-gencatlg
942 ## - ADDED ENTRY ELEMENTS (KOHA)
Source of classification or shelving scheme Dewey Decimal Classification
Koha item type Books
Suppress in OPAC No
Holdings
Withdrawn status Lost status Source of classification or shelving scheme Damaged status Not for loan Collection Home library Current library Shelving location Date acquired Total Checkouts Full call number Barcode Date last seen Copy number Price effective from Koha item type
    Dewey Decimal Classification     Non-Fiction Footprints International School Library Network Toul Kork Campus Footprints International School Library Network Toul Kork Campus TTP Secondary Non-Fiction Bookshelves 12/04/2023   HUG 155.5 BF724.H79 FISSE00779 12/04/2023 1 12/04/2023 Books
    Dewey Decimal Classification     Non-Fiction Footprints International School Library Network Toul Kork Campus Footprints International School Library Network Toul Kork Campus   03/04/2024   HUG BF724.H79 155.5 2024-0170 03/04/2024 2 03/04/2024 Books